<?xml version="1.0" encoding="UTF-8"?>
<record
    xmlns:xsi="http://www.w3.org/2001/XMLSchema-instance"
    xsi:schemaLocation="http://www.loc.gov/MARC21/slim http://www.loc.gov/standards/marcxml/schema/MARC21slim.xsd"
    xmlns="http://www.loc.gov/MARC21/slim">

  <leader>00531nam a2200145Ia 4500</leader>
  <controlfield tag="008">090124s9999    xx            000 0 und d</controlfield>
  <datafield tag="082" ind1=" " ind2=" ">
    <subfield code="b">203237</subfield>
  </datafield>
  <datafield tag="245" ind1=" " ind2=" ">
    <subfield code="a"> &#x92D;&#x93E;&#x90A; &#x938;&#x93E;&#x939;&#x947;&#x92C; &#x921;&#x949;. &#x92A;&#x902;&#x91C;&#x93E;&#x92C;&#x930;&#x93E;&#x935; &#x926;&#x947;&#x936;&#x92E;&#x941;&#x916;</subfield>
  </datafield>
  <datafield tag="250" ind1=" " ind2=" ">
    <subfield code="a">1</subfield>
  </datafield>
  <datafield tag="260" ind1=" " ind2=" ">
    <subfield code="b">&#x915;&#x921;&#x935;&#x947; &#x930;&#x918;&#x941;&#x928;&#x93E;&#x925;</subfield>
    <subfield code="c">1986</subfield>
  </datafield>
  <datafield tag="300" ind1=" " ind2=" ">
    <subfield code="a">187</subfield>
  </datafield>
  <datafield tag="630" ind1=" " ind2=" ">
    <subfield code="a"> &#x92D;&#x93E;&#x90A; &#x938;&#x93E;&#x939;&#x947;&#x92C; &#x921;&#x949;. &#x92A;&#x902;&#x91C;&#x93E;&#x92C;&#x930;&#x93E;&#x935; &#x926;&#x947;&#x936;&#x92E;&#x941;&#x916;</subfield>
  </datafield>
  <datafield tag="730" ind1=" " ind2=" ">
    <subfield code="a"> &#x92D;&#x93E;&#x90A; &#x938;&#x93E;&#x939;&#x947;&#x92C; &#x921;&#x949;. &#x92A;&#x902;&#x91C;&#x93E;&#x92C;&#x930;&#x93E;&#x935; &#x926;&#x947;&#x936;&#x92E;&#x941;&#x916;</subfield>
  </datafield>
  <datafield tag="942" ind1=" " ind2=" ">
    <subfield code="c">BOOK</subfield>
  </datafield>
  <datafield tag="999" ind1=" " ind2=" ">
    <subfield code="c">184818</subfield>
    <subfield code="d">184818</subfield>
  </datafield>
  <datafield tag="952" ind1=" " ind2=" ">
    <subfield code="0">0</subfield>
    <subfield code="1">0</subfield>
    <subfield code="4">0</subfield>
    <subfield code="7">0</subfield>
    <subfield code="a">THNMGS</subfield>
    <subfield code="b">THNMGS</subfield>
    <subfield code="d">0000-00-00</subfield>
    <subfield code="g">20.00</subfield>
    <subfield code="l">0</subfield>
    <subfield code="o">203237</subfield>
    <subfield code="p">THNMGS-203237</subfield>
    <subfield code="r">2009-01-24 00:00:00</subfield>
    <subfield code="v">20.00</subfield>
    <subfield code="w">2009-01-24</subfield>
    <subfield code="y">BOOK</subfield>
  </datafield>
</record>
